00000000nam 2200000zi 4500
0019.945445
003CaOODSP
00520250324131000
006m     o  d f      
007cr mn|||||||||
008241122t19831983onca    o    f000 0 fre d
020 |z0662920007
040 |aCaOODSP|bfre|erda|cCaOODSP
043 |an-cn---
0861 |aCo22-38/1983F-PDF|zCo22-38/1983F
24500|aVers une nouvelle politique nationale de la radiotélédiffusion : |bmesures et initiatives nouvelles visant à élargir le choix d'émissions offert aux Canadiens, à accroître la compétitivité de l'industrie canadienne de la radiotélédiffusion et enfin, à relever le défi que présentent les nouvelles techniques et leurs effets sur notre environnement.
264 1|a[Ottawa] : |bGouvernement du Canada, Ministère des Communications = Government of Canada, Department of Communications, |c1983.
264 4|c©1983
300 |a1 ressource en ligne (1 volume (pagination multiple)) : |billustrations
336 |atexte|btxt|2rdacontent/fre
337 |ainformatique|bc|2rdamedia/fre
338 |aressource en ligne|bcr|2rdacarrier/fre
500 |aÉdition numérisée de l'imprimé [par Innovation, sciences et développement économique Canada].
500 |aPublié aussi en anglais sous le titre : Towards a new national broadcasting policy : new policies and initiatives to provide Canadians with greater program choice and make the Canadian broadcasting industry more competitive : a response to new technologies and a changing environment.
650 6|aRadiodiffusion|zCanada.
650 6|aRadiodiffusion|xPolitique gouvernementale|zCanada.
7101 |aCanada. |bMinistère des communications, |eorganisme de publication.
77508|tTowards a new national broadcasting policy : |w(CaOODSP)9.945440
85640|qPDF|s4.11 Mo|uhttps://publications.gc.ca/collections/collection_2024/isde-ised/co22/Co22-38-1983-fra.pdf